Loading...
| Philosophy | 0 | 7 | 1 | 0 | 65 | 115 | 129.86 | 1 | 1 | 6.14 | 29.44 |
| History - European | 0 | 3 | 1 | 2 | 25 | 135 | 145.67 | 0 | 0 | 0.04 | 5.28 |
| History - Other | 0 | 1 | 0 | 1 | 10 | 140 | 140.00 | 0 | 0 | 0.00 | 1.03 |
| Other Academic | 0 | 1 | 0 | 1 | 10 | 151 | 151.00 | 0 | 0 | 0.09 | 2.38 |
| Religion | 1 | 0 | 1 | 0 | 10 | 93 | 93.00 | 0 | 1 | 3.41 | 7.05 |
| Fine Arts - Other Arts | 0 | 1 | 1 | 1 | 5 | 149 | 149.00 | 0 | 0 | 0.05 | 0.51 |
| Literature - World | 0 | 1 | 1 | 0 | 5 | 123 | 123.00 | 0 | 0 | 1.47 | 5.77 |
| History - World | 0 | 1 | 2 | 0 | 0 | 149 | 149.00 | 0 | 1 | 0.10 | 6.41 |
| Literature - European | 0 | 0 | 1 | 0 | -5 | 0.00 | 0 | 0 | 0.00 | 0.00 | |
| History - American | 0 | 0 | 1 | 0 | -5 | 0.00 | 0 | 0 | 0.00 | 0.00 | |
| Social Science | 0 | 0 | 3 | 0 | -15 | 0.00 | 0 | 0 | 0.00 | 0.00 |